Sierra Leone diamonds and the struggle for democracy
Saved in:
| Main Author: | |
|---|---|
| Format: | Book |
| Published: |
LondonlbLynne Rienner Publisherlc2000
|
| Tags: |
Add Tag
No Tags, Be the first to tag this record!
|
| Call Number : | DT 516.826 H57 2000 |
MARC
| LEADER | 00000pam a2200000 4500 | ||
|---|---|---|---|
| 001 | 17369 | ||
| 003 | MY-KLNDU | ||
| 005 | 20241218060834.0 | ||
| 020 | 0 | 0 | |a 1555876986 |
| 035 | |a 0000017291 | ||
| 039 | 9 | |y 200910090949 |z VLOAD | |
| 090 | 0 | 0 | |a DT 516.826 |b H57 2000 |
| 100 | 1 | 0 | |a HirschlhJohn L |
| 245 | 1 | 0 | |a Sierra Leone |b diamonds and the struggle for democracy |c John L Hirsch |
| 260 | 0 | 0 | |a LondonlbLynne Rienner Publisherlc2000 |
| 300 | |a 175p. |c 23cm | ||
| 500 | 0 | 0 | |a includes bibliographical references and index |
| 999 | |a vtls000017310 |c 17369 |d 17369 | ||


